000 00801nam a2200241Ia 4500
003 OSt
005 20220923223051.0
006 a|||||r|||| 00| 0
007 ta
008 220922b |||||||| |||| 00| 0 hin d
024 _a210,652
037 _cTextual
040 _aARTS
_cARTS
_bhin
041 _2hin
_ahin
082 _aO152,3N321,21, M5
100 _aशर्मा, यादवेन्द्र, चन्द्र
_9158326
245 0 _aअपने अपने दायरे
246 _aApane apane dāyare
260 _aनई दिल्ली
_b पुस्तकायन
_c1985
300 _a152पृ.
_ccm.
942 _hO152,3N321,21, M5
_cTEXL
_2CC
999 _c360931
_d360931